<?xml version="1.0" encoding="UTF-8"?>
<collection xmlns="http://www.loc.gov/MARC21/slim">
 <record>
  <leader>00553pamaa2200157   4500</leader>
  <controlfield tag="001">0000034197</controlfield>
  <controlfield tag="005">20110107090000.0</controlfield>
  <datafield tag="020" ind1="0" ind2="0">
   <subfield code="a">[nil] </subfield>
  </datafield>
  <datafield tag="090" ind1="0" ind2="0">
   <subfield code="a">LB2831.5 </subfield>
   <subfield code="b">PRO 2002</subfield>
  </datafield>
  <datafield tag="245" ind1="0" ind2="4">
   <subfield code="a">The PROFESSIONAL teacher in UK higher education : </subfield>
   <subfield code="b">part 2 workbook  </subfield>
   <subfield code="c">tutors Lin Thorley and Tony Brand.</subfield>
  </datafield>
  <datafield tag="260" ind1="0" ind2="0">
   <subfield code="a">Nilai and Penang, </subfield>
   <subfield code="c">2002.</subfield>
  </datafield>
  <datafield tag="300" ind1=" " ind2=" ">
   <subfield code="a">various pages (2cm thick); </subfield>
   <subfield code="c">30cm.</subfield>
  </datafield>
  <datafield tag="500" ind1="0" ind2="0">
   <subfield code="a">Courses at INTI Nilai, March 6-8 2002 and INTI Penang, March 12-14 2002</subfield>
  </datafield>
  <datafield tag="650" ind1="0" ind2="0">
   <subfield code="a">Education -- </subfield>
   <subfield code="x">Notes (Lecturers) </subfield>
  </datafield>
  <datafield tag="700" ind1="1" ind2="1">
   <subfield code="a">Lin, </subfield>
   <subfield code="h">Thorley </subfield>
  </datafield>
  <datafield tag="700" ind1="1" ind2="1">
   <subfield code="a">BRAND, </subfield>
   <subfield code="h">Tony </subfield>
  </datafield>
 </record>
</collection>
